CONSISE TB. OF PEDIATRICS NURSING (Record no. 21941)
[ view plain ]
| 000 -LEADER | |
|---|---|
| fixed length control field | 00359nam a22001577a 4500 |
| 003 - CONTROL NUMBER IDENTIFIER | |
| control field | SGT |
| 020 ## - INTERNATIONAL STANDARD BOOK NUMBER | |
| International Standard Book Number | 9788131231043 |
| 082 ## - DEWEY DECIMAL CLASSIFICATION NUMBER | |
| Classification number | 610.7362 |
| Item number | C19B |
| 100 ## - MAIN ENTRY--PERSONAL NAME | |
| Personal name | BEEVI, ASSUMA |
| 245 ## - TITLE STATEMENT | |
| Title | CONSISE TB. OF PEDIATRICS NURSING |
| 250 ## - EDITION STATEMENT | |
| Edition statement | 2ND |
| 260 ## - PUBLICATION, DISTRIBUTION, ETC. (IMPRINT) | |
| Place of publication, distribution, etc | INDIA |
| Name of publisher, distributor, etc | ELSEVIER PUB |
| Year of Publication | 2019 |
| 300 ## - PAGE DESCRIPTION | |
| No. of Pages | 497 |
| 650 ## - SUBJECT ADDED ENTRY--TOPICAL TERM | |
| Topical term or geographic name as entry element | PEDIATRICS NURSING |
| 942 ## - ADDED ENTRY ELEMENTS (KOHA) | |
| Source of classification or shelving scheme | Dewey Decimal Classification |
| Koha item type | Books |
| 942 ## - ADDED ENTRY ELEMENTS (KOHA) | |
| -- | 15 |
| Withdrawn status | Lost status | Source of classification or shelving scheme | Damaged status | Not for loan | Collection code | Home library | Current library | Shelving location | Date acquired | Vendor Name | Cost, normal purchase price | SGTU | Bill Number | Total Checkouts | Full call number | Accession No. (Barcode) | Date last seen | Date last borrowed | Bill Date | Koha item type |
|---|---|---|---|---|---|---|---|---|---|---|---|---|---|---|---|---|---|---|---|---|
| Dewey Decimal Classification | NURSING | SGT Medical Library | SGT Medical Library | Text Book | 12/10/2021 | ABC DELHI | 930.00 | SGTU | 13309 | 3 | 610.7362 C19B | FN4481 | 03/06/2026 | 18/05/2026 | Books | |||||
| Dewey Decimal Classification | NURSING | SGT Medical Library | SGT Medical Library | Text Book | 12/10/2021 | ABC DELHI | 930.00 | SGTU | 13309 | 1 | 610.7362 C19B | FN4482 | 05/12/2024 | 04/11/2024 | Books | |||||
| Dewey Decimal Classification | NURSING | SGT Medical Library | SGT Medical Library | Text Book | 12/10/2021 | ABC DELHI | 930.00 | SGTU | 13309 | 5 | 610.7362 C19B | FN4483 | 19/09/2024 | 06/09/2024 | Books | |||||
| Dewey Decimal Classification | NURSING | SGT Medical Library | SGT Medical Library | Text Book | 12/10/2021 | ABC DELHI | 930.00 | SGTU | 13309 | 2 | 610.7362 C19B | FN4484 | 26/07/2024 | 02/07/2024 | Books | |||||
| Dewey Decimal Classification | NURSING | SGT Medical Library | SGT Medical Library | Text Book | 12/10/2021 | ABC DELHI | 930.00 | SGTU | 13309 | 5 | 610.7362 C19B | FN4485 | 27/09/2024 | 14/09/2024 | Books |